Mata - Młody Matczak - Statystyki

Ogólne statystyki
  • Ten quiz został rozwiązany 17 razy
  • Średni wynik to 10 z 21
Statystyki odpowiedzi
Młody Matczak % Poprawnych
Szafir
79%
Papuga
71%
Patoreakcja
71%
Kiss cam (podryw roku)
64%
Szmata
64%
Blok
57%
2001
50%
Faka
50%
IKEA (intro)
50%
SKUTE BOBO
50%
Blok (skit)
43%
Kurtz
43%
Młody Bachor (outro)
43%
Nasza klasa ale to DRILL
43%
67-410
36%
Dzwoni papuga (skit)
36%
La La La (Oh Oh)
36%
Skit (skit)
36%
15,2 (FREESTYLE)
29%
Bros before hoes (skit)
29%
WE DON'T KNOW WHO DID THIS BEAT IF IT'S YOU PLEASE DM US WE HAVE MONEY (skit)
21%
Nie znaleziono quizów pasujących do podanych kryteriów
Rozkład punktacji
Procent ludzi z każdym wynikiem
Percentyl według liczby udzielonych odpowiedzi
Twoja historia wyników
Nie rozwiązałeś tego quizu